Basic Engineering Processes (Record no. 26286)

MARC details
000 -LEADER
fixed length control field 00459nam a22001817a 4500
003 - CONTROL NUMBER IDENTIFIER
control field OSt
005 - DATE AND TIME OF LATEST TRANSACTION
control field 20220110112938.0
008 - FIXED-LENGTH DATA ELEMENTS--GENERAL INFORMATION
fixed length control field 220110b |||||||| |||| 00| 0 eng d
020 ## - INTERNATIONAL STANDARD BOOK NUMBER
International Standard Book Number 0 340 06336 X
040 ## - CATALOGING SOURCE
Transcribing agency Hawassa University
050 ## - LIBRARY OF CONGRESS CALL NUMBER
Classification number 621/CRA
082 ## - DEWEY DECIMAL CLASSIFICATION NUMBER
Classification number 621/CRA
100 ## - MAIN ENTRY--PERSONAL NAME
Personal name Graw Ford .S.
9 (RLIN) 27381
111 ## - MAIN ENTRY--MEETING NAME
Location of meeting New Library
9 (RLIN) 27013
245 ## - TITLE STATEMENT
Title Basic Engineering Processes
260 ## - PUBLICATION, DISTRIBUTION, ETC.
Place of publication, distribution, etc. London
Name of publisher, distributor, etc. Hodder& Stoughton
942 ## - ADDED ENTRY ELEMENTS (KOHA)
Source of classification or shelving scheme Dewey Decimal Classification
Koha item type Books like text book referance book
Suppress in OPAC No
Holdings
Withdrawn status Lost status Source of classification or shelving scheme Damaged status Not for loan Home library Current library Date acquired Total Checkouts Full call number Barcode Date last seen Copy number Price effective from Koha item type
    Dewey Decimal Classification     College of Agriculture Library College of Agriculture Library 01/10/2022   621/CRA ALIB0014251 01/10/2022 2 01/10/2022 Books like text book referance book